000 00599nam a22001937a 4500
999 _c509
_d509
003 AR-CdUCM
008 190223b ||||| |||| 00| 0 spa d
040 _aMUNICIPALIDAD PROVINCIAL DEL CUSCO
_cBIBLIOTECA MUNICIPAL DEL CUSCO
082 _a869.56 /
_bH41
100 _aHeraud Alcázar, Raúl
_91979
245 _aHecho de barro /
_cRaúl Heraud Alcázar
260 _aLima :
_bUniversidad Inca Garcilaso de la Vega,
_c2001.
300 _a65 paginas ;
_c21 cm.
505 _aPoesía
650 _aPoesías peruanas
_91481
650 _aSiglo XX.
_98
942 _2ddc
_cLIBROS
945 _aacv
_d2019-02-23